Statistics for World Geography by letter K

Click here to take the quiz!

General Stats

  • This quiz has been taken 65 times
  • The average score is 11 of 15

Answer Stats

HintAnswer% Correct
Capital of UkraineKyiv
100%
Capital of MalaysiaKuala Lumpur
97%
Country on the Persian gulfKuwait
97%
Foreign country closest to HawaiiKiribati
90%
Country that is commonly recognized as part of SerbiaKosovo
90%
The Country producing 46% of the worlds uraniumKazakhstan
87%
Tallest mountain in AfricaMt. Kilimanjaro
84%
Major City in IndiaKolkata
79%
City in Missouri with the same name as another U.S. StateKansas City
78%
Capital of SudanKhartoum
78%
Large peninsula in Eastern RussiaKamchatka peninsula
52%
Island in Japan that has Nagasaki, and FukuokaKyushu
51%
Region just North of the Arabian peninsulaKurdistan
35%
Russian islands North of JapanKuril islands
29%
State in Southern IndiaKarnataka
13%

Score Distribution

Percentile by Number Answered

Percent of People with Each Score

Your Score History

You have not taken this quiz